The New York times (Record no. 200044581)
[ view plain ]
| 000 -LEADER | |
|---|---|
| fixed length control field | 00513 a2200205 4500 |
| 001 - CONTROL NUMBER | |
| control field | 200044581 |
| 003 - CONTROL NUMBER IDENTIFIER | |
| control field | TR-AnTOB |
| 005 - DATE AND TIME OF LATEST TRANSACTION | |
| control field | 20241219103826.0 |
| 008 - FIXED-LENGTH DATA ELEMENTS--GENERAL INFORMATION | |
| fixed length control field | 160826d tu wn0n 0 1 |
| 040 ## - CATALOGING SOURCE | |
| Original cataloging agency | TR-AnTOB |
| Transcribing agency | TR-AnTOB |
| 041 ## - LANGUAGE CODE | |
| Language code of text/sound track or separate title | İngilizce |
| 099 ## - LOCAL FREE-TEXT CALL NUMBER (OCLC) | |
| Classification number | NEWSPAPER |
| 245 04 - TITLE STATEMENT | |
| Title | The New York times |
| 246 13 - VARYING FORM OF TITLE | |
| Title proper/short title | New York, Sunday |
| 264 #1 - PRODUCTION, PUBLICATION, DISTRIBUTION, MANUFACTURE, AND COPYRIGHT NOTICE | |
| Place of production, publication, distribution, manufacture | New York : |
| Name of producer, publisher, distributor, manufacturer | Raymond, Jones & Co., |
| Date of production, publication, distribution, manufacture, or copyright notice | 1851- |
| 300 ## - PHYSICAL DESCRIPTION | |
| Extent | v. |
| Other physical details | ill. ; |
| Dimensions | 59 cm. |
| 650 #0 - SUBJECT ADDED ENTRY--TOPICAL TERM | |
| Topical term or geographic name entry element | American newspapers |
| Form subdivision | Periodicals |
| 9 (RLIN) | 81718 |
| 942 ## - ADDED ENTRY ELEMENTS (KOHA) | |
| Koha item type | Newspaper |
| Source of classification or shelving scheme | Library of Congress Classification |
No items available.
